Resources of the earth / (Record no. 14086)

MARC details
000 -LEADER
fixed length control field 01055cam a2200301 a 4500
001 - CONTROL NUMBER
control field 3999166
003 - CONTROL NUMBER IDENTIFIER
control field mut
005 - DATE AND TIME OF LATEST TRANSACTION
control field 20240606081305.0
008 - FIXED-LENGTH DATA ELEMENTS--GENERAL INFORMATION
fixed length control field 960213s1996 njuabf b 001 0 eng
010 ## - LIBRARY OF CONGRESS CONTROL NUMBER
LC control number 96033650
020 ## - INTERNATIONAL STANDARD BOOK NUMBER
International Standard Book Number 0134570294
040 ## - CATALOGING SOURCE
Original cataloging agency DLC
Transcribing agency mut
Modifying agency DLC
050 00 - LIBRARY OF CONGRESS CALL NUMBER
Classification number HC21
Item number .C72 1996
082 00 - DEWEY DECIMAL CLASSIFICATION NUMBER
Classification number 333.7
Edition information 20
100 1# - MAIN ENTRY--PERSONAL NAME
Personal name Craig, James R.,
Dates associated with a name 1940-
245 10 - TITLE STATEMENT
Title Resources of the earth /
250 ## - EDITION STATEMENT
Edition statement 2nd ed.
260 ## - PUBLICATION, DISTRIBUTION, ETC.
Place of publication, distribution, etc. Upper Saddle River, N.J. :
Name of publisher, distributor, etc. Prentice Hall,
Date of publication, distribution, etc. c1996.
300 ## - PHYSICAL DESCRIPTION
Extent viii, 472 p., [16] p. of plates :
Other physical details ill. (some col.), maps ;
Dimensions 29 cm.
504 ## - BIBLIOGRAPHY, ETC. NOTE
Bibliography, etc. note Includes bibliographical references and index.
650 #0 - SUBJECT ADDED ENTRY--TOPICAL TERM
Topical term or geographic name entry element Natural resources.
650 #0 - SUBJECT ADDED ENTRY--TOPICAL TERM
Topical term or geographic name entry element Environmental policy.
700 1# - ADDED ENTRY--PERSONAL NAME
Personal name Vaughan, David J.,
Dates associated with a name 1946-
700 1# - ADDED ENTRY--PERSONAL NAME
Personal name Skinner, Brian J.,
Dates associated with a name 1928-
906 ## - LOCAL DATA ELEMENT F, LDF (RLIN)
a 7
b cbc
c orignew
d 1
e ocip
f 19
g y-gencatlg
942 ## - ADDED ENTRY ELEMENTS (KOHA)
Source of classification or shelving scheme Library of Congress Classification
Koha item type Books
Holdings
Withdrawn status Lost status Source of classification or shelving scheme Damaged status Not for loan Home library Current library Shelving location Date acquired Source of acquisition Total checkouts Full call number Barcode Date last seen Price effective from Koha item type
    Library of Congress Classification     Murang'a University of Technology Library Murang'a University of Technology Library General stacks 06/11/2017 Donation-TFC   HC21 .C72 1996 016333 30/08/2024 06/11/2017 Books
    Library of Congress Classification     Murang'a University of Technology Library Murang'a University of Technology Library General stacks 05/04/2019 Donation-TFC   HC 21 .C72 1996 025646 30/08/2024 05/04/2019 Books